000 01149nam a22002897a 4500
999 _c868
_d868
003 AR-CdUCM
008 190225b ||||| |||| 00| 0 spa d
020 _a968-18-3544-1
040 _aMUNICIPALIDAD PROVINCIAL DEL CUSCO
_cBIBLIOTECA MUNICIPAL DEL CUSCO
082 _a923 /
_bP346
100 _aPayne, James L.
_93323
245 _aLas Motivaciones de los Políticos
_bLos factores que impulsan a algunas personas a practicar en la política
260 _aMéxico :
_bLimusa, S. A. ;
_c1990.
300 _a225 páginas
_c21cm
505 _aEl incentivo del prestigio social -- El incentivo del programa -- El incentivo de la sociabilidad -- Los incentivos de la misión y de la adulación -- Los incentivos y el comportamiento político
650 _avida política
_93324
650 _aincentivos
_93325
650 _apolíticos
_931
650 _aprácticas políticas
_93326
650 _acomportamiento político
_93327
700 _aWoshinsky, Oliver H.
_93328
700 _aVeblen, Eric P.
_93329
700 _aCoogan, William H.
_93330
700 _aBigler, Gene E.
_93331
942 _2ddc
_cLIBROS
945 _anom
_d2019-02-25